|
|
|
|
| LEADER |
01587nam a2200289 a 4500 |
| 001 |
18136 |
| 003 |
BD-DhAAL |
| 008 |
090520s1990 nyua b 000 0 eng d |
| 010 |
|
|
|a 66025817
|
| 020 |
|
|
|a 0521264472
|
| 020 |
|
|
|a 0521269946
|
| 040 |
|
|
|a DLC
|c DLC
|d m.c.
|d ORE
|d BD-DhAAL
|
| 082 |
|
|
|a 539.7
|2 20
|
| 100 |
1 |
|
|a Jelley,N.A.
|9 57586
|
| 245 |
1 |
0 |
|a Fundamentals of nuclear physics /
|c N.A.Jelley.
|
| 260 |
|
|
|a New York,
|b Cambridge University Press,
|c 1990.
|
| 300 |
|
|
|a xiv,278 pages :
|b illustrations ;
|c 24 cm
|
| 504 |
|
|
|a Includes bibliographical references.
|
| 526 |
|
|
|a MNS
|x Mahabobe Shobahani
Faculty Member of BRAC University
Course name : Nuclear Physics I (PHY 305)
|
| 541 |
1 |
|
|e 18136
|a D. S. Books International
|
| 650 |
|
0 |
|a Nuclear physics.
|
| 852 |
4 |
|
|a Ayesha Abed Library
|c General Stacks
|
| 942 |
|
|
|2 ddc
|c BK
|
| 999 |
|
|
|c 971
|d 971
|
| 952 |
|
|
|0 0
|1 0
|2 ddc
|4 0
|6 539_700000000000000_JEL
|7 0
|9 880
|a BRACUL
|b BRACUL
|c GEN
|d 2009-06-22
|e D.S.BI
|l 2
|m 29
|o 539.7 JEL
|p 3010018136
|r 2023-02-16
|s 2022-07-06
|t 1
|w 2009-06-22
|y BK
|x Requisitioned by Mahabobe Shobahani for the course named- "Nuclear Physics I (PHY 305)" ; USD 59.47
|
| 952 |
|
|
|0 0
|1 0
|2 ddc
|4 0
|6 539_700000000000000_JEL_2007
|7 0
|9 9795
|a BRACUL
|b BRACUL
|c GEN
|d 2010-05-05
|e D. S. Books International
|l 3
|o 539.7 JEL
|p 3010018137
|r 2026-03-28
|s 2026-03-04
|t 2
|w 2010-05-05
|y BK
|x Requisitioned by Mahabobe Shobahani for the course named- "Nuclear Physics I (PHY 305)" ; USD 59.47
|
| 952 |
|
|
|0 0
|1 0
|2 ddc
|4 0
|6 539_700000000000000_JEL_1991
|7 0
|9 12558
|a BRACUL
|b BRACUL
|c GEN
|d 2010-10-19
|l 2
|m 2
|o 539.7 JEL
|p 3010017491
|r 2014-05-28
|s 2014-05-18
|t 3
|w 2010-10-19
|y BK
|